000 00915nam a2200253Ia 4500
003 OSt
005 20221005105436.0
006 a|||||r|||| 00| 0
007 ta
008 221004b |||||||| |||| 00| 0 hin d
024 _a26702
037 _bGift, 10/05/2016,
_cTextual
040 _aCRL
_cCRL
_bhin
041 _2hin
_ahin
082 _aO152,6N5212x, N9
100 _aउपाध्याय, नर्मदाप्रसाद
245 0 _aप्रभास की सीपियॉं
246 _aPrabhās kī sīpiyaॉan
260 _aनई दिल्ली
_bप्रवीण प्रकाशन भारत
_c1999
300 _a127पृ0
_ccm.
650 _aहिन्दी साहित्य
942 _hO152,6N5212x, N9
_cTEXL
_2cc
999 _c1015824
_d1015824